Watts Pocket Handbook 2009 (Record no. 109106)
[ view plain ]
| 000 -LEADER | |
|---|---|
| fixed length control field | 01361cam a22003015a 4500 |
| 001 - CONTROL NUMBER | |
| control field | L146307 |
| 008 - FIXED-LENGTH DATA ELEMENTS--GENERAL INFORMATION | |
| fixed length control field | 090107s2009 xxk f 000 0 eng d |
| 020 ## - INTERNATIONAL STANDARD BOOK NUMBER | |
| International Standard Book Number | 9781842194188 |
| 035 ## - SYSTEM CONTROL NUMBER | |
| System control number | (Sirsi) u146307 |
| 041 0# - LANGUAGE CODE | |
| Language code of text/sound track or separate title | eng |
| 050 04 - LIBRARY OF CONGRESS CALL NUMBER | |
| Classification number | 690.2 $2 18 |
| 110 2# - MAIN ENTRY--CORPORATE NAME | |
| Corporate name or jurisdiction name as entry element | Watts Group Plc |
| 9 (RLIN) | 5510 |
| 245 00 - TITLE STATEMENT | |
| Title | Watts Pocket Handbook 2009 |
| 250 ## - EDITION STATEMENT | |
| Edition statement | 25th ed. |
| 260 ## - PUBLICATION, DISTRIBUTION, ETC. | |
| Place of publication, distribution, etc. | [London] |
| Name of publisher, distributor, etc. | RICS |
| Date of publication, distribution, etc. | 2009 |
| 300 ## - PHYSICAL DESCRIPTION | |
| Extent | viii, 456p. |
| Dimensions | 18cm. |
| 350 ## - PRICE (NR) (BK AM CF MU VM SE) [OBSOLETE] | |
| Price | 24.95 |
| 505 2# - FORMATTED CONTENTS NOTE | |
| Formatted contents note | Property investment and ownership -- Development and procurement -- Cost management -- Legislation -- Design -- Materials and defects -- Sustainability -- Maintenance management -- Useful resources -- Index -- Watts Group directory |
| 520 ## - SUMMARY, ETC. | |
| Summary, etc. | 2009 edition of this annual publication providing legal and technical advice and guidance for those working in property and construction. New content in this edition includes: affordable housing schemes; letters of intent; payments for planning permissions; practical completion; recovery of service charges for major works; surveyors and sustainability; and uniform business rates. |
| 520 ## - SUMMARY, ETC. | |
| Summary, etc. | Supersedes 24th edition (ISBN 9781842193501). |
| 520 ## - SUMMARY, ETC. | |
| Summary, etc. | Superseded by 26th edition (ISBN 9781842195512). |
| 521 ## - TARGET AUDIENCE NOTE | |
| Target audience note | Advanced |
| 590 ## - LOCAL NOTE (RLIN) | |
| Local note | KA |
| 651 #4 - SUBJECT ADDED ENTRY--GEOGRAPHIC NAME | |
| Geographic name | United Kingdom |
| Chronological subdivision | |
| 690 ## - LOCAL SUBJECT ADDED ENTRY--TOPICAL TERM (OCLC, RLIN) | |
| Topical term or geographic name as entry element | BUILT ENVIRONMENT |
| 942 ## - ADDED ENTRY ELEMENTS (KOHA) | |
| Suppress in OPAC | 0 |
| Withdrawn status | Lost status | Source of classification or shelving scheme | Damaged status | Not for loan | Home library | Current library | Shelving location | Date acquired | Total Checkouts | Full call number | Barcode | Date last seen | Copy number | Price effective from | Koha item type | Date last checked out |
|---|---|---|---|---|---|---|---|---|---|---|---|---|---|---|---|---|
| Dewey Decimal Classification | London | London | RICS Boxes | 30/03/2009 | RICS 2009/5 | 30076710 | 06/08/2019 | 1 | 06/08/2019 | Archive | ||||||
| Dewey Decimal Classification | London | London | Basement | 30/03/2009 | 10 | 690.2 WAT | 30076712 | 06/08/2019 | 2 | 06/08/2019 | Book | 19/03/2010 |